Quizzes
Events
Quiz Creation
Community
Videos
Private Events
Remove Ads
Sign In
Join for FREE
Feedback
Dark Mode
Quiz Categories
Sports
Geography
Music
Movies
Television
Just For Fun
Miscellaneous
History
Literature
Language
Science
Gaming
Entertainment
Religion
Holiday
For Kids
Quiz Lab
Recent
Popular Today
Quiz Kudos Today
Editor Picks
Curator Picks
Quizzes by...
Day
Popularity
Type
Ratings
Length
Year
Community
Subscriptions
Recent Discussions
Orange Saloon
Badges
Playlists
Quests
Create
Leaderboards
Showdown
Live 5
Trivia Bingo
Activity
Puzzle Library
Sporcle Events
Private Events
Virtual Trivia
Globe League
Become a Host
Pub Owners
SporcleCon
Opinionation
Our Games
Videos
Blog
Mobile Apps
Partnerships
Remove Ads and Go Orange
Feedback
History
US Presidents
World Leaders
Politics
Nation
Discovery
War
Decade
Year
Century
Biography
Art
History
US Presidents
World Leaders
Politics
Nation
Discovery
War
Decade
Year
Century
Biography
Art
Random Quiz
Search Sporcle
×
Quiz Lab
Quiz Lab
History
Quote
Type in answers that appear in a list
Type in answers that appear in a list
Classic
Best Score? Go Orange.
Famous People on Fame Stats
Can you name the famous people would said these things on fame?
By
profxyz
10m
24 Questions
20 Plays
20 Plays
20 Plays
Comments
Comments
Give Quiz Kudos
Give Quiz Kudos
-
- Ratings
hide this ad
More Info
Replay
Link that replays current quiz
Next Quiz
Link to next quiz in quiz playlist
You Got
0%
They Got
Avg Score
41%
Avg Friend Score
Upgrade to see
Score Distribution
Jump to the score distribution portion of the page
Score
0/24
Timer
10:00
0
Plays Today
Quote
Person
% Correct
'Fame hit me like a ton of bricks.'
Eminem
100%
'The woman who can create her own job is the woman who will win fame and fortune.'
Amelia Earhart
75%
'Money and fame made me believe I was entitled. I was wrong and foolish.'
Tiger Woods
70%
'Fame is the perfume of heroic deeds.'
Socrates
60%
'The day will come when everyone will be famous for fifteen minutes.'
Andy Warhol
60%
'If you come to fame not understanding who you are, it will define who you are.'
Oprah Winfrey
55%
'If I have so keenly sought this fame for which I'm still waiting, it's all been to seduce women basically.'
Jean-Paul Sartre
55%
'Now there is fame! Of all -
-
hunger, misery, the incomprehension by the public -
-
fame is by far the worst. It is the castigation of God by the artist. It is sad. It is true.'
Pablo Picasso
55%
'I am not concerned that I am not known, I seek to be worthy to be known.'
Confucius
55%
'Worldly fame is but a breath of wind that blows now this way, and now that, and changes name as it changes direction.'
Dante
55%
'Fame is like a shaved pig with a greased tail, and it is only after it has slipped through the hands of some thousands, that some fellow, by mere chance, holds on to it!'
Davy Crockett
50%
'Fame is the thirst of youth.'
Lord Byron
40%
Quote
Person
% Correct
'What is popularly called fame is nothing but an empty name and a legacy from paganism.'
Erasmus
35%
'If cash comes with fame, come fame; if cash comes without fame, come cash.'
Jack London
35%
'Fame is but the breath of people, and that often unwholesome.'
Jean-Jacques Rousseau
30%
'For children preserve the fame of a man after his death.'
Aeschylus
30%
'Love of fame is the last thing even learned men can bear to be parted from.'
Tacitus
30%
'The charm of fame is so great that we like every object to which it is attached, even death.'
Blaise Pascal
20%
'Good fame is like fire; when you have kindled you may easily preserve it; but if you extinguish it, you will not easily kindle it again.'
Francis Bacon
20%
'Fame is morally neutral.'
Edwin Murrow
15%
'Fame usually comes to those who are thinking about something else.'
Oliver Wendell Holmes
10%
'Fame is only good for one thing -
they will cash your check in a small town.'
Truman Capote
10%
'Acquaintance lessens fame.'
Claudius
10%
'Fame is proof that the people are gullible.'
Ralph Waldo Emerson
10%
Quiz Playlist
Details
Report
Send in Message
Add To Playlist
More Info:
Another source: http://en.proverbia.net/citastema.asp?tematica=446
Classic:
Type in answers that appear in a list
Quiz Source
Last Updated: Feb 16, 2017
Quiz Scoreboard
CHALLENGE
Sign Up to Join the Scoreboard
Show All
Scores
Hide
Comments
May contain spoilers
Recently Published
Presidents Visiting Landmarks
by Hejman
History
7m
An Introduction to Baseball
by treessimontrees
Sports
5m
Movies - When Are They Set?
by FPL_Elf
Movies
5m
More to Explore
Quiz From the Vault
Featured Blog Post
Where Did the Easter Bunny Come From?
hide this ad
You Might Also Like...
Tags
Famous Quiz
Quote Quiz
fame
Person
Today's Top Quizzes in History
Browse History
hide this ad
Today's Top Quizzes in Quote
Browse Quote
Top Contributed Quizzes in History
1
Popular People in 1991
2
Popular People in 1981
3
Popular People in 1951
4
Popular People in 1941
5
Popular People in 1986
6
Popular People in 1976
7
Popular People in 1921
8
I Am Born On March 28th
9
Popular People in 1946
10
5-to-1: 20th Century Images of War
Explore More
Trending Topics
Anime
Harry Potter
Kpop
Crossword
Disney
NBA
Marvel
Soccer
WWE
Country
Puzzle
NFL
Song
The Office
Pokémon
hide this ad
More By:
profxyz
Quiz
Plays
Rating
Category
Featured
Created
Countries by Early Maps
129,315
4.31
Geography
Oct 22, 2010
Top 100 Surnames (China)
41,073
4.51
Miscellaneous
Sep 6, 2011
US Defense Relationships
17,462
4.48
History
Apr 18, 2016
Major US Warships of WWII
3,355
4.50
History
Oct 9, 2014
Europa Universalis IV Countries in Europe (V. 1.17)
3,244
4.91
Gaming
Aug 31, 2013
Go to Creator's Profile
Score Distribution
Quiz Creator Spotlight
profxyz
Follow
Send a Message
Quizzes Created
-
Created Quiz Play Count
-
More By This Creator
Popular Quizzes Today
1
Find the US States - No Outlines Minefield
2
Find the Countries of Europe - No Outlines Minefield
3
The Countries of the World
4
Find the US States
5
Popular People in 1961
6
US States
7
Risky Map Clicking: Biggest States A-Z
8
1-10 Letter E Words III
More History Quizzes
Famous British Ships
Published
Trending Quizzes
Risky Map Clicking: Least Populous States A-Z
1-10 Letter G Words
1-10 Letter F Words
Risky Map Clicking: Next State Alphabetically
Risky Map Clicking: Biggest States A-Z
Recently Updated
Leaping Animals
pecheneg
Reality TV Shows (A-Z)
bhenderson79
Rickey Henderson's Hall of Fame Teammates
pecheneg
Champions League XIs: Arsenal
pecheneg
Quick Pick: Celebrities in WWE's Hall of Fame
aduchscher
A-Z Keypad Blitz II
pecheneg
Multiple Oscar Actors
pecheneg
Mystery Phrase Blitz: Oscar 'Best Actors'
pecheneg
F. Scott Fitzgerald Novels
LTH
Pick 3 Villains
ddd62291
Trending Topics
Marvel
NBA
Disney
Harry Potter
Crossword
Kpop
Anime
Pokémon
Country
The Office
WWE
Soccer
Puzzle
Song
NFL
Your Account Isn't Verified!
In order to create a playlist on Sporcle, you need to verify the email address you used during registration. Go to your
Sporcle Settings
to finish the process.
Report this User
Report this user for behavior that violates our
Community Guidelines
.
Details:
Send Report
Go to the Sporcle.com Mobile Site →
Comments